LEADER 01194nam--2200349---450- 001 990003238320203316 005 20090507144442.0 010 $a88-14-14477-X 035 $a000323832 035 $aUSA01000323832 035 $a(ALEPH)000323832USA01 035 $a000323832 100 $a20090507d2008----km-y0itay50------ba 101 $aita 102 $aIT 105 $a||||||||001yy 200 1 $a<>Unione europea e il cerchio di amici$esicurezza europea e politica di vicinato$fa cura di Francesca Longo 210 $aMilano$cGiuffré$d2008 215 $aXIX, 170 p.$d24 cm 225 2 $aCollana del Dipartimento di studi politici$fUniversità degli studi di Catania$v8 410 0$1Collana del Dipartimento di studi politici$fUniversità degli studi di Catania$v8 606 0 $aSicurezza internazionale$xRuolo [dell'] Unione europea$2BNCF 676 $a327.116094 702 1$aLONGO,$bFrancesca 801 0$aIT$bsalbc$gISBD 912 $a990003238320203316 951 $aXXIII.4.H 9$b63249 G.$cXXIII.4.H$d00206775 959 $aBK 969 $aGIU 979 $aCHIARA$b90$c20090507$lUSA01$h1444 996 $aUnione europea e il cerchio di amici$91013606 997 $aUNISA LEADER 02318nam 22005173 450 001 9911024061903321 005 20260304110039.0 010 $a1-04-043019-8 010 $a1-04-043022-8 035 $a(MiAaPQ)EBC32077164 035 $a(Au-PeEL)EBL32077164 035 $a(CKB)40077640800041 035 $a(OCoLC)1531321141 035 $a(ODN)ODN0012177413 035 $a(EXLCZ)9940077640800041 100 $a20250803d2025 uy 0 101 0 $aeng 135 $aurcnu|||||||| 181 $ctxt$2rdacontent 182 $cc$2rdamedia 183 $acr$2rdacarrier 200 10$aArtificial Historians 205 $a1st ed. 210 1$aOxford :$cTaylor & Francis Group,$d2025. 210 4$d©2025. 215 $a1 online resource (206 pages) 311 08$a1-03-222986-1 327 $aCover -- Endorsements -- Half Title -- Title -- Copyright -- Dedication -- Contents -- List of Figures -- List of Tables -- Acknowledgements -- Advisory for Aboriginal and Torres Strait Islander Readers -- Advisory About Aboriginal and Torres Strait Islander Words and Philosophy in This Book -- 1 Hello, History -- 2 A Test for Histories -- 3 History's Topics -- 4 History's Times -- 5 History's Places and Grounds -- 6 History's Bodies and Authorities -- 7 History's Questions -- 8 History's Ifs -- 9 History's Possible and Impossible Worlds -- 10 Standing With History -- Bibliography -- Index. 330 $aThis book offers readers an introduction to the world of artificial histories and historians. It looks behind the interfaces of AI and explores everyday platforms and prize-winning history books to identify how people and algorithms make histories, and how they might make histories in the future. 606 $aHISTORY / General$2bisacsh 606 $aHISTORY / Historiography$2bisacsh 606 $aHISTORY / Study & Teaching$2bisacsh 615 7$aHISTORY / General 615 7$aHISTORY / Historiography 615 7$aHISTORY / Study & Teaching 676 $a902.85 700 $aHughes-Warrington$b Marnie$0887513 701 $aMartin$b Anne$0382455 701 $aYarlupurka O'Brien$b Lewis$01847471 801 0$bMiAaPQ 801 1$bMiAaPQ 801 2$bMiAaPQ 906 $aBOOK 912 $a9911024061903321 996 $aArtificial Historians$94433138 997 $aUNINA